[Event "Titled Tuesday intern op 03rd Jan Late"]
[Site "Chess.com INT"]
[Date "2025.06.03"]
[Round "2"]
[White "Rajanish, Adhvaith"]
[Black "Ozkan, Taha"]
[Result "0-1"]
[WhiteElo "2084"]
[BlackElo "2247"]
[PlyCount "86"]
[EventDate "2025.06.03"]
[EventType "swiss (blitz)"]
[EventRounds "11"]
[EventCountry "USA"]
[SourceTitle "CB24_2025"]
[SourceDate "2025.06.11"]
[SourceVersion "1"]
[SourceVersionDate "2025.06.11"]
[SourceQuality "1"]

1. e4 e6 2. d4 d5 3. exd5 exd5 4. c4 Nf6 5. Nc3 Bd6 6. cxd5 0-0 7. Nf3 Bg4 8. Be2 Nbd7 9. 0-0 Nb6 10. h3 Bh5 11. Bg5 Be7 12. Qb3 Re8 13. Rfe1 Nfxd5 14. Bxe7 Rxe7 15. Nxd5 Qxd5 16. Qxd5 Nxd5 17. Bc4 Rxe1+ 18. Rxe1 Bxf3 19. gxf3 Nb6 20. Bb3 Kf8 21. a4 Re8 22. Rxe8+ Kxe8 23. a5 Nc8 24. Kf1 Ke7 25. Ke2 b6 26. axb6 axb6 27. Kd3 f6 28. Bg8 h6 29. b4 Kd6 30. Bb3 Ne7 31. Bf7 Nc6 32. b5 Ne7 33. Ke4 f5+ 34. Kd3 g5 35. Kc4 c6 36. bxc6 Kxc6 37. Be8+ Kd6 38. Kb5 Kd5 39. Kxb6 Kxd4 40. Kc7 Ke5 41. Kd7 Nd5 42. Bf7 Nf4 43. Ke7 Nxh3 0-1

[Event "Titled Tuesday intern op 01st Apr Late"]
[Site "Chess.com INT"]
[Date "2025.04.01"]
[Round "7"]
[White "Bergan, Gaute"]
[Black "Rajanish, Adhvaith"]
[Result "0-1"]
[WhiteElo "2072"]
[BlackElo "2084"]
[PlyCount "78"]
[EventDate "2025.04.01"]
[EventType "swiss (blitz)"]
[EventRounds "11"]
[EventCountry "USA"]
[SourceTitle "CB21_2025"]
[SourceDate "2025.05.21"]
[SourceVersion "1"]
[SourceVersionDate "2025.05.21"]
[SourceQuality "1"]

1. e4 c5 2. Nf3 Nc6 3. Bb5 g6 4. 0-0 Bg7 5. Nc3 e5 6. d3 Nge7 7. Bc4 0-0 8. Bg5 d6 9. a4 h6 10. Bh4 Kh7 11. Nd5 Bg4 12. h3 Bxf3 13. Qxf3 Nd4 14. Qd1 g5 15. Bg3 f5 16. exf5 Nexf5 17. c3 Ne6 18. Qe2 Nf4 19. Bxf4 gxf4 20. Qe4 Kh8 21. a5 Qg5 22. Kh2 Rg8 23. Nc7 Bf6 24. Nxa8 Rxa8 25. Qxb7 Rf8 26. Be6 Ng7 27. Bd5 Qg6 28. Be4 Qh5 29. Qxa7 Ne6 30. Qb7 Ng5 31. a6 Bd8 32. a7 f3 33. a8Q fxg2 34. Bxg2 e4 35. Qaa7 Bf6 36. dxe4 Be5+ 37. Kg1 Nxh3+ 38. Bxh3 Rg8+ 39. Bg2 Qh2# 0-1

[Event "Titled Tuesday intern op 01st Apr Late"]
[Site "Chess.com INT"]
[Date "2025.04.01"]
[Round "5"]
[White "Bukreev, Stanislav"]
[Black "Rajanish, Adhvaith"]
[Result "1-0"]
[WhiteElo "2328"]
[BlackElo "2084"]
[PlyCount "115"]
[EventDate "2025.04.01"]
[EventType "swiss (blitz)"]
[EventRounds "11"]
[EventCountry "USA"]
[SourceTitle "CB21_2025"]
[SourceDate "2025.05.21"]
[SourceVersion "1"]
[SourceVersionDate "2025.05.21"]
[SourceQuality "1"]

1. Nf3 d5 2. c4 c6 3. e3 Bg4 4. Be2 dxc4 5. Bxc4 Bxf3 6. Qxf3 e6 7. d4 Bb4+ 8. Bd2 Bxd2+ 9. Nxd2 Nf6 10. 0-0 0-0 11. Rfd1 Qe7 12. a3 Nbd7 13. h3 e5 14. dxe5 Nxe5 15. Qf4 Nxc4 16. Nxc4 Rfd8 17. Rac1 h6 18. b4 Rd5 19. Rxd5 Nxd5 20. Qd4 a5 21. Nxa5 Rd8 22. Rd1 Rd7 23. Qa1 Nf6 24. Nb3 Qd8 25. Rxd7 Qxd7 26. Qd4 Qe6 27. Qd3 Qe5 28. g3 Nd5 29. Qd4 Qe6 30. Nc5 Qe7 31. e4 Nf6 32. e5 Nd5 33. Ne4 Qe6 34. Kg2 Qf5 35. Nd6 Qd7 36. Qa7 Qe6 37. Qxb7 Qxe5 38. Qc8+ Kh7 39. Qf5+ Qxf5 40. Nxf5 Nc3 41. Nd4 Nb5 42. Nxb5 cxb5 43. Kf3 Kg6 44. Ke4 Kf6 45. Kd5 Kf5 46. Kc5 Ke4 47. Kxb5 Kf3 48. a4 Kxf2 49. a5 Kxg3 50. a6 f5 51. a7 f4 52. a8Q f3 53. Qa1 Kg2 54. Qxg7+ Kh2 55. Qxh6 f2 56. Qf6 Kg2 57. Qxf2+ Kxf2 58. Kc5 1-0

[Event "Titled Tuesday intern op 18th Mar Late"]
[Site "Chess.com INT"]
[Date "2025.03.18"]
[Round "2"]
[White "Lymar, Vladislav"]
[Black "Rajanish, Adhvaith"]
[Result "1-0"]
[WhiteElo "2212"]
[BlackElo "2084"]
[PlyCount "77"]
[EventDate "2025.03.18"]
[EventType "swiss (blitz)"]
[EventRounds "11"]
[EventCountry "USA"]
[SourceTitle "CB13_2025"]
[SourceDate "2025.03.26"]
[SourceVersion "1"]
[SourceVersionDate "2025.03.26"]
[SourceQuality "1"]

1. e4 c5 2. Nf3 Nc6 3. Bb5 g6 4. Bxc6 dxc6 5. 0-0 Bg7 6. d3 e5 7. Nc3 h6 8. Be3 b6 9. a4 a5 10. h3 Be6 11. Nd2 Ne7 12. f4 exf4 13. Rxf4 0-0 14. Qe2 Kh7 15. Raf1 f5 16. Kh1 g5 17. R4f3 f4 18. Bg1 Ng6 19. R3f2 Qd7 20. Re1 g4 21. hxg4 Bxg4 22. Qf1 Qe7 23. Nf3 Nh4 24. Bh2 Bxf3 25. gxf3 Bd4 26. e5 Rg8 27. Rfe2 Nf5 28. Ne4 Ng3+ 29. Bxg3 fxg3 30. Nf6+ Kh8 31. f4 Rg6 32. Qh3 Bxb2 33. Kg2 Rf8 34. f5 Rgxf6 35. exf6 Qxf6 36. Re6 Qxf5 37. Qxh6+ Kg8 38. Rg6+ Kf7 39. Qh7+ 1-0

[Event "Titled Tuesday intern op 18th Mar Late"]
[Site "Chess.com INT"]
[Date "2025.03.18"]
[Round "3"]
[White "Rajanish, Adhvaith"]
[Black "Zhou, Abigail"]
[Result "1-0"]
[WhiteElo "2084"]
[BlackElo "1775"]
[PlyCount "65"]
[EventDate "2025.03.18"]
[EventType "swiss (blitz)"]
[EventRounds "11"]
[EventCountry "USA"]
[SourceTitle "CB13_2025"]
[SourceDate "2025.03.26"]
[SourceVersion "1"]
[SourceVersionDate "2025.03.26"]
[SourceQuality "1"]

1. e4 e6 2. d4 d5 3. Bd3 Nf6 4. e5 Nfd7 5. Nf3 c5 6. c3 Nc6 7. 0-0 Qb6 8. dxc5 Bxc5 9. b4 Be7 10. Bf4 h6 11. b5 Na5 12. Nbd2 Nc5 13. Nb3 Nxd3 14. Qxd3 Nc4 15. a4 Bd7 16. Nbd4 0-0 17. h4 a6 18. Nd2 axb5 19. axb5 Nxd2 20. Qxd2 Bxh4 21. Bxh6 gxh6 22. Qxh6 Be7 23. Rxa8 Rxa8 24. f4 Qd8 25. Rf3 Ra1+ 26. Kh2 Bh4 27. Rh3 Qf8 28. Qxh4 Qg7 29. Qd8+ Qf8 30. Rg3+ Kh7 31. Qxf8 Rh1+ 32. Kxh1 Bxb5 33. Qg7# 1-0

[Event "Titled Tuesday intern op 11th Mar Late"]
[Site "Chess.com INT"]
[Date "2025.03.11"]
[Round "3"]
[White "Dmitrenko, Viktor"]
[Black "Rajanish, Adhvaith"]
[Result "0-1"]
[WhiteElo "2395"]
[BlackElo "2084"]
[PlyCount "128"]
[EventDate "2025.03.11"]
[EventType "swiss (blitz)"]
[EventRounds "11"]
[EventCountry "USA"]
[SourceTitle "CB12_2025"]
[SourceDate "2025.03.19"]
[SourceVersion "1"]
[SourceVersionDate "2025.03.19"]
[SourceQuality "1"]

1. b3 e5 2. Bb2 Nc6 3. e3 Nf6 4. c4 d5 5. cxd5 Nxd5 6. a3 Bd6 7. Qc2 0-0 8. Bd3 Nf6 9. Ne2 Qe7 10. Ng3 Be6 11. Nc3 g6 12. 0-0 Rad8 13. Nce4 Nxe4 14. Nxe4 f5 15. Nxd6 Qxd6 16. Bc4 Bxc4 17. Qxc4+ Qd5 18. Bc3 Qxc4 19. bxc4 b6 20. Rab1 Kf7 21. f4 Ke6 22. Rb5 a6 23. Rb2 e4 24. a4 Rd7 25. c5 bxc5 26. Rb7 Rb8 27. Rfb1 Rxb7 28. Rxb7 Kd5 29. Kf2 Kc4 30. Ke2 Nb4 31. Rb8 Kb3 32. a5 Ka4 33. h3 Kxa5 34. g4 Rf7 35. g5 Ka4 36. h4 a5 37. Rg8 Kb3 38. h5 gxh5 39. g6 hxg6 40. Rxg6 a4 41. Rg1 a3 42. Rb1+ Kc2 43. Rh1 a2 44. Rxh5 Kb3 45. Rh6 Nc2 46. Ra6 Rh7 47. Ra7 Rh2+ 48. Kf1 Rh1+ 49. Kg2 Rb1 50. Rb7+ Kc4 51. Rxc7 a1Q 52. Bxa1 Nxa1 53. Rf7 Nb3 54. Rxf5 Nxd2 55. Rf7 Re1 56. Kf2 Rc1 57. Rd7 Nb3 58. f5 Ra1 59. f6 Ra6 60. f7 Rf6+ 61. Kg3 Na5 62. Kg4 Nc6 63. Kg5 Rf3 64. Kg6 Ne5+ 0-1

[Event "Titled Tuesday intern op 21st Jan Late"]
[Site "Chess.com INT"]
[Date "2025.01.21"]
[Round "4"]
[White "Aggelis, Nikolaos"]
[Black "Rajanish, Adhvaith"]
[Result "0-1"]
[WhiteElo "2289"]
[BlackElo "2084"]
[PlyCount "94"]
[EventDate "2025.01.21"]
[EventType "swiss (blitz)"]
[EventRounds "11"]
[EventCountry "USA"]
[SourceTitle "CB05_2025"]
[SourceDate "2025.01.29"]
[SourceVersion "1"]
[SourceVersionDate "2025.01.29"]
[SourceQuality "1"]

1. c4 Nf6 2. g3 e5 3. Bg2 d5 4. cxd5 Nxd5 5. Nc3 Be6 6. Qb3 Nb6 7. Qc2 c6 8. d3 Be7 9. Nf3 N8d7 10. 0-0 0-0 11. Ne4 f6 12. Be3 Nd5 13. Bc5 Nxc5 14. Nxc5 Bc8 15. Rac1 Qb6 16. d4 exd4 17. Nxd4 Bxc5 18. Qxc5 Qxc5 19. Rxc5 Nc7 20. a3 Ne6 21. Nxe6 Bxe6 22. b4 a6 23. a4 Rad8 24. b5 axb5 25. axb5 cxb5 26. Rxb5 Bc4 27. Rb2 b5 28. Rfb1 Rd6 29. e3 Rfd8 30. h4 Kf7 31. Bf3 Ke6 32. Be2 Rd2 33. Bxc4+ bxc4 34. Rb6+ R8d6 35. Rb7 Rd7 36. R1b6+ Ke7 37. Rb8 Rc7 38. R8b7 Rdd7 39. Rxc7 Rxc7 40. Rb1 Kd6 41. Rd1+ Kc5 42. Rc1 Kb4 43. Kf1 c3 44. Ke1 c2 45. Kd2 Kb3 46. f4 Kb2 47. e4 Rd7+ 0-1

[Event "Titled Tuesday intern op 21st Jan Late"]
[Site "Chess.com INT"]
[Date "2025.01.21"]
[Round "1"]
[White "Mustafayev, Farid Farman Oglu"]
[Black "Rajanish, Adhvaith"]
[Result "1-0"]
[WhiteElo "2319"]
[BlackElo "2084"]
[PlyCount "67"]
[EventDate "2025.01.21"]
[EventType "swiss (blitz)"]
[EventRounds "11"]
[EventCountry "USA"]
[SourceTitle "CB05_2025"]
[SourceDate "2025.01.29"]
[SourceVersion "1"]
[SourceVersionDate "2025.01.29"]
[SourceQuality "1"]

1. c4 e5 2. Nc3 Nf6 3. g3 Nc6 4. Bg2 Bb4 5. d3 d6 6. Nf3 0-0 7. 0-0 h6 8. a3 Bxc3 9. bxc3 e4 10. Nd4 Ne5 11. Rb1 c6 12. a4 exd3 13. exd3 d5 14. Ba3 Re8 15. cxd5 Nxd5 16. Qc2 Bg4 17. Rxb7 Qc8 18. Rbb1 Bh3 19. Rbe1 Bxg2 20. Kxg2 Qa6 21. c4 Nb6 22. Nf5 f6 23. Ne7+ Kf7 24. Nf5 Kg8 25. Nd6 Red8 26. f4 Nf7 27. Nxf7 Kxf7 28. Re7+ Kg8 29. Qe2 Kh8 30. Qg4 Rg8 31. Bb2 Nxa4 32. Bxf6 gxf6 33. Qh5 Rxg3+ 34. hxg3 1-0

[Event "Titled Tuesday intern op 21st Jan Late"]
[Site "Chess.com INT"]
[Date "2025.01.21"]
[Round "6"]
[White "Rajanish, Adhvaith"]
[Black "Pershin, Denis"]
[Result "1/2-1/2"]
[WhiteElo "2084"]
[BlackElo "2358"]
[PlyCount "138"]
[EventDate "2025.01.21"]
[EventType "swiss (blitz)"]
[EventRounds "11"]
[EventCountry "USA"]
[SourceTitle "CB05_2025"]
[SourceDate "2025.01.29"]
[SourceVersion "1"]
[SourceVersionDate "2025.01.29"]
[SourceQuality "1"]

1. d4 Nf6 2. Bf4 d5 3. e3 e6 4. Nf3 c5 5. c3 Bd6 6. Bg3 0-0 7. Nbd2 Qc7 8. dxc5 Qxc5 9. Bd3 Qc7 10. 0-0 Rd8 11. Qe2 Nbd7 12. e4 Bxg3 13. hxg3 Nc5 14. Bc2 dxe4 15. Nxe4 Ncxe4 16. Bxe4 Nxe4 17. Qxe4 Bd7 18. Rfd1 Bc6 19. Qe3 h6 20. Nd4 Bd5 21. Rd2 b6 22. Rad1 Qb7 23. f3 b5 24. a3 a5 25. Ne2 Rdc8 26. Nf4 Bb3 27. Re1 b4 28. axb4 axb4 29. cxb4 Qxb4 30. Rd7 Rd8 31. Rc7 Rac8 32. Rxc8 Rxc8 33. Rc1 Bc2 34. Ne2 Qxb2 35. Nd4 Rc4 36. Nxc2 Rxc2 37. Rxc2 Qxc2 38. g4 Qd1+ 39. Kh2 Qd6+ 40. Kg1 e5 41. Qe4 g6 42. Kh1 Kg7 43. Qe3 Qd1+ 44. Kh2 Qd4 45. Qe2 Qf4+ 46. Kh1 Qc1+ 47. Kh2 Qc7 48. Kh1 Qd6 49. Qe4 Kf6 50. Qe2 Qd4 51. Qa2 Qd1+ 52. Kh2 Qd6 53. Kh1 Kg7 54. Qb2 Qf6 55. Qc2 Qf4 56. Qd3 e4 57. Qd4+ Kh7 58. Qxe4 Qxe4 59. fxe4 Kg7 60. Kg1 Kf6 61. Kf2 Ke5 62. Ke3 h5 63. gxh5 gxh5 64. g3 f6 65. Kf3 f5 66. exf5 Kxf5 67. Kg2 Kg4 68. Kh2 h4 69. gxh4 Kxh4 1/2-1/2

[Event "Titled Tuesday intern op 21st Jan Late"]
[Site "Chess.com INT"]
[Date "2025.01.21"]
[Round "9"]
[White "Thomforde Toates, Noah"]
[Black "Rajanish, Adhvaith"]
[Result "1-0"]
[WhiteElo "2124"]
[BlackElo "2084"]
[PlyCount "111"]
[EventDate "2025.01.21"]
[EventType "swiss (blitz)"]
[EventRounds "11"]
[EventCountry "USA"]
[SourceTitle "CB05_2025"]
[SourceDate "2025.01.29"]
[SourceVersion "1"]
[SourceVersionDate "2025.01.29"]
[SourceQuality "1"]

1. c4 e6 2. Nf3 d5 3. e3 Nf6 4. b3 Bd6 5. Bb2 Nbd7 6. Qc2 0-0 7. h4 c5 8. Nc3 b6 9. Ng5 Bb7 10. cxd5 exd5 11. Nb5 Bb8 12. Bd3 h6 13. Nh7 Ne5 14. Nxf6+ Qxf6 15. Be2 a6 16. Nc3 d4 17. Ne4 Qg6 18. Bf3 d3 19. Qc3 Bxe4 20. 0-0-0 Bd6 21. Bxe4 Qxe4 22. f4 Rfe8 23. fxe5 Bxe5 24. Qc4 Bxb2+ 25. Kxb2 b5 26. Qc3 c4 27. b4 Qe5 28. Rhf1 a5 29. a3 axb4 30. axb4 Ra4 31. Qxe5 Rxe5 32. Kc3 f6 33. Ra1 Rxa1 34. Rxa1 Kf7 35. g4 Kg6 36. Ra7 h5 37. gxh5+ Rxh5 38. Rb7 Re5 39. Kd4 Kh6 40. Kc3 g6 41. Kd4 Kh5 42. Rh7+ Kg4 43. Rg7 Kh5 44. Rf7 Kxh4 45. Rxf6 Rg5 46. Rb6 Rf5 47. e4 Rg5 48. e5 Kh5 49. Rxb5 Rg2 50. e6+ g5 51. e7 Re2 52. Re5 Rxe5 53. Kxe5 c3 54. e8Q+ Kh4 55. dxc3 d2 56. Qd7 1-0

[Event "US op 123nd"]
[Site "Grand Rapids"]
[Date "2023.08.01"]
[Round "4"]
[White "Rao, Anjaneya"]
[Black "Rajanish, Adhvaith"]
[Result "1-0"]
[WhiteElo "1844"]
[BlackElo "2135"]
[PlyCount "69"]
[EventDate "2023.07.29"]
[EventType "swiss"]
[EventRounds "9"]
[EventCountry "USA"]
[SourceTitle "CBM 215 Extra"]
[Source "ChessBase"]
[SourceDate "2023.09.30"]
[SourceVersion "1"]
[SourceVersionDate "2023.09.30"]
[SourceQuality "1"]

1. e4 e5 2. Nc3 Nc6 3. g3 Nf6 4. Bg2 Bc5 5. Nge2 a5 6. 0-0 d6 7. d3 Be6 8. Nd5 Nb4 9. Nxf6+ Qxf6 10. c3 Nc6 11. Kh1 g5 12. f4 gxf4 13. gxf4 Rg8 14. f5 Bd7 15. Ng3 0-0-0 16. Qh5 Ne7 17. Qh6 Qh8 18. Bg5 Rxg5 19. Qxg5 f6 20. Qh6 Ng8 21. Qd2 Bb6 22. Nh5 Be8 23. Bf3 d5 24. exd5 Ne7 25. c4 Bxh5 26. Bxh5 c6 27. b4 cxd5 28. bxa5 Bc7 29. a6 bxa6 30. Bf7 Rd6 31. c5 Rc6 32. Qb4 Kd8 33. Qb7 Qg7 34. Qa8+ Kd7 35. Be8# 1-0

[Event "PNWCC Online blitz JP 10th"]
[Site "Chess.com INT"]
[Date "2020.05.16"]
[Round "6"]
[White "Rajanish, Adhvaith"]
[Black "Sarkar, Justin"]
[Result "0-1"]
[WhiteElo "1850"]
[BlackElo "2380"]
[PlyCount "94"]
[EventDate "2020.05.16"]
[EventType "swiss (blitz)"]
[EventRounds "11"]
[EventCountry "USA"]
[SourceTitle "CBM 196 Extra"]
[Source "ChessBase"]
[SourceDate "2020.07.31"]
[SourceVersion "1"]
[SourceVersionDate "2020.07.31"]
[SourceQuality "1"]

1. e4 c5 2. Nf3 g6 3. d4 cxd4 4. Qxd4 Nf6 5. Nc3 Nc6 6. Qa4 d6 7. e5 dxe5 8. Nxe5 Bd7 9. Nxd7 Nxd7 10. Be2 Bg7 11. Be3 0-0 12. 0-0 Nb6 13. Qe4 Bxc3 14. bxc3 Qd5 15. Qf3 Rfd8 16. Rfd1 Qxf3 17. Bxf3 Nc4 18. Kf1 Nxe3+ 19. fxe3 Rxd1+ 20. Rxd1 Rd8 21. Rxd8+ Nxd8 22. Ke2 f5 23. Kd3 Kf7 24. g4 e5 25. gxf5 gxf5 26. Bd5+ Ke7 27. c4 Kd6 28. Bg8 h6 29. Bh7 e4+ 30. Ke2 Ke5 31. c5 Ne6 32. c6 bxc6 33. h4 f4 34. exf4+ Nxf4+ 35. Kd2 Ng2 36. h5 Nf4 37. Bg6 Nxg6 38. hxg6 Kf6 39. Ke3 Kxg6 40. Kxe4 Kg5 41. Kd4 h5 42. Kc5 h4 43. Kxc6 h3 44. Kb7 h2 45. Kxa7 h1Q 46. c4 Qc6 47. a4 Qxa4+ 0-1

[Event "PNWCC Online blitz JP 10th"]
[Site "Chess.com INT"]
[Date "2020.05.16"]
[Round "10"]
[White "Rajanish, Adhvaith"]
[Black "Vidyarthi, Vyom"]
[Result "0-1"]
[WhiteElo "1850"]
[BlackElo "2090"]
[PlyCount "65"]
[EventDate "2020.05.16"]
[EventType "swiss (blitz)"]
[EventRounds "11"]
[EventCountry "USA"]
[SourceTitle "CBM 196 Extra"]
[Source "ChessBase"]
[SourceDate "2020.07.31"]
[SourceVersion "1"]
[SourceVersionDate "2020.07.31"]
[SourceQuality "1"]

1. e4 e5 2. Nf3 Nc6 3. Bb5 a6 4. Ba4 Nf6 5. 0-0 Be7 6. Re1 d6 7. d4 exd4 8. Nxd4 Bd7 9. Nxc6 Bxc6 10. Bxc6+ bxc6 11. Nc3 0-0 12. Bg5 Re8 13. Qf3 h6 14. Bh4 Qb8 15. e5 dxe5 16. Qxc6 Qxb2 17. Rab1 Qxc2 18. Rbc1 Qf5 19. Qxc7 Ba3 20. Rb1 a5 21. Bxf6 Qxf6 22. Nd5 Qe6 23. Nb6 Rad8 24. Nc4 Rc8 25. Nxa3 Rxc7 26. Nb5 Rb7 27. Nc3 Reb8 28. Rbd1 Qc4 29. Ne4 Rb2 30. Nd6 Qc2 31. Rf1 Qxd1 32. Rxd1 Rb1 33. Rxb1 0-1

[Event "PNWCC Online blitz JP 10th"]
[Site "Chess.com INT"]
[Date "2020.05.16"]
[Round "2"]
[White "Yip, Carissa"]
[Black "Rajanish, Adhvaith"]
[Result "1-0"]
[WhiteElo "2420"]
[BlackElo "1850"]
[PlyCount "59"]
[EventDate "2020.05.16"]
[EventType "swiss (blitz)"]
[EventRounds "11"]
[EventCountry "USA"]
[SourceTitle "CBM 196 Extra"]
[Source "ChessBase"]
[SourceDate "2020.07.31"]
[SourceVersion "1"]
[SourceVersionDate "2020.07.31"]
[SourceQuality "1"]

1. e4 c5 2. Nf3 d6 3. d4 cxd4 4. Nxd4 Nf6 5. Nc3 g6 6. Be3 Bg7 7. f3 0-0 8. Qd2 Nc6 9. Bc4 Bd7 10. h4 h5 11. 0-0-0 Rb8 12. Bb3 Nxd4 13. Bxd4 b5 14. g4 hxg4 15. h5 e5 16. Bxa7 Ra8 17. hxg6 Rxa7 18. gxf7+ Rxf7 19. Qxd6 Bf8 20. Qxe5 Ra6 21. fxg4 Qe7 22. Qxe7 Bxe7 23. Bxf7+ Kxf7 24. g5 Ng4 25. Rxd7 Ke6 26. Rd5 b4 27. Ne2 Rxa2 28. Kb1 Ra7 29. Rf1 Rd7 30. Nd4# 1-0

[Event "PNWCC Online blitz JP 9th"]
[Site "Chess.com INT"]
[Date "2020.05.09"]
[Round "10"]
[White "Deviprasath, Sharvesh"]
[Black "Rajanish, Adhvaith"]
[Result "0-1"]
[WhiteElo "1578"]
[BlackElo "1850"]
[PlyCount "76"]
[EventDate "2020.05.09"]
[EventType "swiss (blitz)"]
[EventRounds "11"]
[EventCountry "USA"]
[SourceTitle "CBM 196 Extra"]
[Source "ChessBase"]
[SourceDate "2020.07.31"]
[SourceVersion "1"]
[SourceVersionDate "2020.07.31"]
[SourceQuality "1"]

1. b3 Nf6 2. Bb2 d5 3. e3 Bf5 4. h3 e6 5. g4 Bg6 6. f4 Ne4 7. Nf3 h5 8. g5 h4 9. Rg1 Ng3 10. Nxh4 Nxf1 11. Nxg6 fxg6 12. Rxf1 Qd7 13. Qf3 Nc6 14. Nc3 0-0-0 15. 0-0-0 Kb8 16. d3 Be7 17. e4 d4 18. Ne2 e5 19. Rh1 exf4 20. Qxf4 Rdf8 21. Qg3 Bd6 22. Qg2 Bf4+ 23. Nxf4 Rxf4 24. Rdf1 Rfh4 25. Rf3 Ne5 26. Rf2 b6 27. Qf1 Kb7 28. a4 Rxh3 29. Rxh3 Rxh3 30. Bxd4 Qxd4 31. Qxh3 Qxf2 32. Qe6 Qd4 33. Qg8 Ng4 34. Qe6 Ne3 35. Qxg6 Qc3 36. Kb1 Qxc2+ 37. Ka1 Qxb3 38. Qxg7 Nc2# 0-1